000 00469nmm a2200145Ia 4500
008 251105s9999||||xx |||||||||||||||||und||
041 _aspa
100 _aCard, Orson Scott
245 0 _aAlvin. El aprendiz :
_b Serie La historia de Alvin el Hacedor (Alvin Maker III)
264 _a[Madrid, España] :
_bEdiciones B,
_c2015
300 _a397 páginas
650 _aScience fiction & Fantasy
856 _uhttps://public.digitaliapublishing.com/a/54048
942 _cCF
999 _c105301
_d105301